Shark Tank Companies by Product #1 - Statistics

General Stats
  • This quiz has been taken 5 times
  • The average score is 5 of 16
Answer Stats
Picture Answer % Correct
Scrub Daddy
100%
Bombas Socks
50%
Squatty Potty
50%
Amber
25%
Beard Head
25%
Cousins Maine Lobster
25%
CupBop
25%
Hyconn
25%
IcyBreeze
25%
I want to Draw a Cat for You
25%
Kronos
25%
Minus Cal
25%
NoPhone
25%
Numilk
25%
Pavlok
25%
Wanna Date
25%
No matching quizzes found
Score Distribution
Percent of People with Each Score
Percentile by Number Answered
Your Score History
You have not taken this quiz